Statistics for 10 Biggest Cities in Ghana

Click here to take the quiz!

General Stats

  • This quiz has been taken 56 times
  • The average score is 4 of 10

Answer Stats

PopulationCity% Correct
1 965 000Accra
100%
1 470 000Kumasi
93%
145 000Cape Coast
55%
360 000Tamale
55%
155 000Tema
50%
230 000Takoradi
48%
135 000Obuasi
17%
140 000Sekondi Takoradi
17%
200 000Achiaman
5%
100 000Medina Estates
2%

Score Distribution

Percentile by Number Answered

Percent of People with Each Score

Your Score History

You have not taken this quiz